Normal view
MARC view
Entry Uniform Title
001 - CONTROL NUMBER
- control field: 11915
003 - CONTROL NUMBER IDENTIFIER
- control field: dpl
005 - DATE AND TIME OF LATEST TRANSACTION
- control field: 20100812151824.0
008 - FIXED-LENGTH DATA ELEMENTS
- fixed length control field: 100812|||a|||||| | ||| d
040 ## - CATALOGING SOURCE
- Original cataloging agency: dpl
- Transcribing agency: dpl
130 ## - HEADING--UNIFORM TITLE
- Uniform title: महाभारत के युगान्तकारी पात्र:माला
670 ## - SOURCE DATA FOUND
- Source citation: Work cat.: (dpl)39873: विनय 11914, भीष्म पितामाह /, 2010
670 ## - SOURCE DATA FOUND
- Source citation: Work cat.: (dpl)39873: विनय 11914, भीष्म पितामाह /, 2010
